000
00340nam a2200157Ia 4500
100
_a
Sudha Murty
650
_a
Genera;
942
_c
BK
366
_f
15
654
_a
wise
245
_a
Wise and otherwise a salute to life
260
_b
East West Press
_a
Mumbai
_c
2002
082
_a
802/MUR
_b
MUR
300
_a
188
546
_a
ENGLISH
999
_c
27809
_d
27809